| 000 | 01328nam a2200337Ia 4500 | ||
|---|---|---|---|
| 001 | ebr10284529 | ||
| 003 | CaPaEBR | ||
| 006 | m u | ||
| 007 | cr cn||||||||| | ||
| 008 | 070423s2008 nyuac sb 001 0 eng d | ||
| 010 | _z 2007934647 | ||
| 020 | _z0387715177 (alk. paper) | ||
| 020 | _z0387715185 (e-ISBN) | ||
| 020 | _z9780387715179 (alk. paper) | ||
| 020 | _z9780387715186 (e-ISBN) | ||
| 040 |
_aCaPaEBR _cCaPaEBR |
||
| 035 | _a(OCoLC)272308574 | ||
| 050 | 1 | 4 |
_aQP106.6 _b.A54 2008eb |
| 245 | 0 | 0 |
_aAngiogenesis _h[electronic resource] : _ban integrative approach from science to medicine / _cedited by William D. Figg, Judah Folkman. |
| 260 |
_aNew York, NY : _bSpringer, _cc2008. |
||
| 300 |
_axix, 601 p. : _bill., port. (some col.). |
||
| 504 | _aIncludes bibliographical references and index. | ||
| 533 |
_aElectronic reproduction. _bPalo Alto, Calif. : _cebrary, _d2009. _nAvailable via World Wide Web. _nAccess may be limited to ebrary affiliated libraries. |
||
| 650 | 0 | _aNeovascularization. | |
| 650 | 0 |
_aBlood _xCirculation. |
|
| 655 | 7 |
_aElectronic books. _2local |
|
| 700 | 1 | _aFigg, William D. | |
| 700 | 1 | _aFolkman, M. Judah. | |
| 710 | 2 | _aebrary, Inc. | |
| 856 | 4 | 0 |
_uhttp://site.ebrary.com/lib/rucke/Doc?id=10284529 _zAn electronic book accessible through the World Wide Web; click to view |
| 999 |
_c3120 _d3120 |
||